Warhammeur les ville Elfe noir de Naggaroth - Statistiques

Statistiques générales
  • Ce quiz a été pris 4 fois
  • Le résultat moyen est 5 sur 6
Statistiques - réponses
Par images Réponse % Correct
Ghrond
100%
Naggarond
100%
Hag Graef
75%
Har Ganeth
75%
Karond Kar
75%
Clar Karond
50%
Aucun quiz correspondant
Distribution des résultats
% des personnes avec chaque résultat
Percentile par nombre de réponses
Votre historique - résultats
Vous n’avez pas pris ce quiz